| 000 | 00388nam a2200157Ia 4500 | ||
|---|---|---|---|
| 008 | 230524s9999 xx 000 0 und d | ||
| 082 |
_a621.382 _bAGA |
||
| 100 | _aR.K Agarwal | ||
| 245 | 0 | _aPrinciples of Electrical Machine Design | |
| 250 | _a4TH | ||
| 260 |
_aNEW DELHI _bKataria _c2005 |
||
| 300 | _a16.50+5 | ||
| 500 | _aQuantity Number: 2 | ||
| 650 | _aElectrical | ||
| 942 | _cBK | ||
| 999 |
_c20785 _d20785 |
||